| 000 | 00838nam a2200277 a 4500 | ||
|---|---|---|---|
| 999 |
_c7462 _d7462 |
||
| 001 | 991017844229706706 | ||
| 003 | OSt | ||
| 005 | 20211130133623.0 | ||
| 008 | 030128s2003 sp |||||| 000 ||spa|c | ||
| 020 | _a8497340965 | ||
| 035 | _a(ES-BaCBU)b29443817-34csuc_network | ||
| 035 | _a(ES-BaCBU).b29443817 | ||
| 035 | _a(ccuc001)b29443817 | ||
| 035 | _a(OCoLC)865202443 | ||
| 040 |
_aES-BaCBU _bcat _cES-BaCBU _dCDMR |
||
| 100 | 1 | _aPeñafiel, Jaime | |
| 245 | 1 | 0 |
_aA golpe de memoria / _cJaime Peñafiel |
| 260 |
_aMadrid : _bLa Esfera de los Libros, _c2003 |
||
| 300 |
_a275 p., [48] p. de làm. : _bil. ; _c25 cm |
||
| 504 | _aÍndex | ||
| 600 | 1 | 7 |
_aPeñafiel, Jaime _2cantic |
| 907 |
_a.b29443817 _b22-06-21 _c08-05-08 _d28-01-03 _em _fa _g- _hspa _isp _j0 _k3 |
||
| 908 |
_aUB _aUdL _aUAB _aURV |
||
| 940 | _aOCLC | ||
| 942 |
_2udc _cMON |
||